000 00328nam a22001457a 4500
008 230907b ||||| |||| 00| 0 eng d
020 _a080156746
041 _aeng
080 _a101
082 _a101SCH
100 _a44
101 _aFILOZ
245 _aNINETEENTH CENTURY AETHER THEORIES
_cSCHAFFNER.F.K
942 _2udc
_cBK
999 _c60294
_d60294